00867nam a2200229 i 450000100060000000300090000600500170001500700030003200800410003502000180007608000320009424501420012626000360026830000300030460000550033465500480038971000200043785200330045794200080049099900170049895201220051517157ES-MaACL20231222152740.0t|010108s2000 sp ||||1| spa d a84-8324-089-0 a75 Rosales, Eduardo (064.3)00aEduardo Rosales en las colecciones privadas b: Zaragoza, Centro de Exposiciones y Congresos del 3 de octubre al 31 de diciembre de 2000. aZaragoza : bIberCaja, c[2000] a262 p. : bil. ; c28 cm.14aRosales, Eduardo,d1836-1873-vExposiciones999639 72tgfbne9193628aCatálogos de exposiciones2 aIbercaja.94633 aES-MaACLjL-23915 bR.128190 2udc c17157d17157 00104070aATENEOMbATENEOMcDEPO2d2008-01-17eSCl0oL-23915p1017503r2023-02-23 00:00:00w2023-02-23yMONOGRAFIA